| 000 | 00727nam a22002297a 4500 | ||
|---|---|---|---|
| 005 | 20170124110233.0 | ||
| 010 | _aB-045801 | ||
| 020 |
_c£16.99 _a9780140297492 |
||
| 035 | _aB-045801 | ||
| 037 | _bCen Lib/Ret | ||
| 040 |
_aDPL _bEN |
||
| 082 |
_a030 _bPEA |
||
| 245 |
_aPears cyclopaedia, 2001-2002 : _cedited by Christopher Cook _ba book of reference and background information for all the family / |
||
| 250 | _a110th ed | ||
| 260 |
_aLondon _bPenguin Books _c2001 |
||
| 270 |
_bLondon _a80 Strand |
||
| 300 |
_avarious pagings. _c20m(Hb) |
||
| 650 |
_aEncyclopedias and dictionaries _935853 |
||
| 650 |
_aEncyclopedias _94917 |
||
| 700 |
_aCook, Christopher _91210 |
||
| 942 |
_2ddc _cEN _h030 _mPEA |
||
| 999 |
_c134768 _d134768 |
||